01089nam a22003255i 450000100090000000300040000900500170001300800410003001000170007102000180008804000330010604200080013908200220014710000280016924501150019725000120031226300090032426400630033330000290039633600260042533700280045133800270047965000330050665000470053970000400058670000410062690600450066794200320071299900190074420857491OSt20220418142653.0190215s2019 nyu 000 0 eng  a 2019934465 a9789811362750 aDLCbengerdacAIMIT LIBRARY apcc 21a658.4092bWOOI1 aWoodward, Ian C.93013310aExploring leadership drivers and blockers /cBy Ian C.Woodward ; edited by Samah Shaffakat, Vincent H. Domine. a1st ed. a1904 1aNew York, NY :bSpringer Nature Singapore Pte Ltd.,c2019. axvii,163p. ;bPBc21 cm. atextbtxt2rdacontent aunmediatedbn2rdamedia avolumebnc2rdacarrier aExploring Leadership.930134 aDrivers and blockers in leadership.930135 aShaffalat, Samah.eedited by930136 aDomine, Vincent H.eedited by930137 a0bibccorignewd2eepcnf20gy-gencatlg 2ddccBKe1stk658.4092 WOOI c222455d222455